English names with Latin origins - Statistics

General Stats
  • This quiz has been taken 98 times
    70 since last reset
  • The average score is 11 of 13
Answer Stats
Latin name English equivalent % Correct
Marcus (m) Mark
100%
Paulus (m) Paul
97%
Antonius (m) Anthony
95%
Oliva (f) Olivia
95%
Dominicus (m) Dominic
92%
Lucius (m) Luke/Lucas
89%
Iulia (f) Julia
87%
Iustinus (m) Justin
82%
Aemilia (f) Emily
81%
Laurentius (m) Lawrence
79%
Clemens (m) Clement
77%
Hadrianus (m) Adrian
71%
Caecilius (m) Cecil
55%
No matching quizzes found
Score Distribution
Percent of People with Each Score
Percentile by Number Answered
Your Score History
You have not taken this quiz since the last reset